Shakespeare... or Bart Simpson? - Statistics

General Stats
  • This quiz has been taken 854 times
  • The average score is 8 of 14
Answer Stats
Question Answer % Correct
Nothing will come of nothing. William Shakespeare
84%
This both sucks and blows. Bart Simpson
82%
I am fortune's fool! William Shakespeare
79%
Unhand me, Yankee! Bart Simpson
77%
Tar is not a plaything. Bart Simpson
65%
What you don't know could fill a warehouse. Bart Simpson
63%
Away, you three-inch fool! William Shakespeare
61%
Let's kill all the lawyers. William Shakespeare
49%
I am a pawn. Bart Simpson
48%
You're damned if you do and you're damned if you don't. Bart Simpson
44%
More of your conversation would infect my brain. William Shakespeare
44%
Affection? Pooh! William Shakespeare
34%
Gorge yourselves at the trough of freedom! Bart Simpson
31%
Here is my butt. William Shakespeare
27%
No matching quizzes found
Score Distribution
Percent of People with Each Score
Percentile by Number Answered
Your Score History
You have not taken this quiz